000 00351nam a2200145Ia 4500
008 230917s9999||||xx |||||||||||||| ||und||
040 _e109604
_aMAIN
041 _aEnglish
082 _a410 S64M
100 _aSinha, M P
245 0 _aModern linguistics
260 _aNew Delhi
_bAtlantic Publishers
_c2005
300 _aviii, 192 p.
942 _cBK
999 _c130971
_d130971